| 000 | 00587nam a2200229 4500 | ||
|---|---|---|---|
| 001 | 1709137 | ||
| 005 | 20180214084104.0 | ||
| 008 | 700528s1970 mau b 001 0 eng | ||
| 010 | _a 70111489 | ||
| 020 | _a0674630009 | ||
| 040 |
_aDLC _cDLC _dDLC |
||
| 041 | _aeng | ||
| 080 | _a323.65 WAL | ||
| 082 | 0 | 0 | _a323.65 WAL |
| 100 | 1 | _a19 | |
| 101 | _aPOL | ||
| 245 | 1 | 0 | _aObligations; |
| 350 | _a7.95 | ||
| 504 | _aIncludes bibliographical references. | ||
| 906 |
_a7 _bcbc _corignew _du _encip _f19 _gy-gencatlg |
||
| 942 |
_2ddc _cBK |
||
| 999 |
_c42528 _d42528 |
||